Normal view
MARC view
Entry Geographic Name
001 - CONTROL NUMBER
- control field: 9148
003 - CONTROL NUMBER IDENTIFIER
- control field: BD-RjUL
005 - DATE AND TIME OF LATEST TRANSACTION
- control field: 20230924121136.0
008 - FIXED-LENGTH DATA ELEMENTS
- fixed length control field: 230924|| aca||aabn | a|a d
040 ## - CATALOGING SOURCE
- Original cataloging agency: BD-RjUL
- Transcribing agency: BD-RjUL
151 ## - HEADING--GEOGRAPHIC NAME
- Geographic name: India
- General subdivision: History
- Chronological subdivision: 18th century
- Form subdivision: Fiction
670 ## - SOURCE DATA FOUND
- Source citation: Work cat.: (BD-RjUL)81973: Afsos, Mir Sher ʻAlī ;; ,افسوس, ميرشير على. 1735-1809. 9147, آرایش محفل ;; Ārāyish-i maḥfil./, 1963